| 000 | 00529nam a2200169 a 4500 | ||
|---|---|---|---|
| 001 | 7537 | ||
| 003 | CO-ViMGA | ||
| 008 | 141112s2004 ck r 000 u spa d | ||
| 040 |
_aCO-ViMGA _bspa _cCO-ViMGA |
||
| 082 | 0 | 4 | _a350.829 C656 |
| 100 | 1 |
_aColombia. Contraloria General de la República _96862 |
|
| 245 | 1 | 0 | _aEl racionamiento electrico 1992, antecedentes, causas y responsabilidades |
| 260 |
_aSantafé de Bogotá : _bLa contraloria, _c1992 |
||
| 300 | _a334 p | ||
| 650 | 1 | 4 |
_aRACIONAMIENTO ELECTRICO _96863 |
| 942 |
_2ddc _cBK |
||
| 999 |
_c19484 _d19484 |
||